00736 a2200385 4500000002100000001000700021005001700028008004100045010000500086020000500091082001900096100003200115110000500147245005500152250000500207260002900212300001000241490000700251500000500258600000500263610000500268611000500273630000500278650000500283651000500288654000500293700000900298710000900307711000500316720000500321730000500326740000500331752000500336856000900341BKB 06947120200902150305.0  a a a658.4032bC81C1 aCorvette, Barbara A. Budjac a1 aConflict managementcby Barbara A. Budjac Corvette a aNew DelhibPearsonc2009 a330p. av a a a a a a a a abc abc a a a a a adf